| 000 | 00725nam a2200169Ia 4500 | ||
|---|---|---|---|
| 008 | 151213s9999 xx 000 0 und d | ||
| 020 | _a984-822956-- | ||
| 100 | _aকনাদি নন্দিনী ও তিলকা নন্দিনি। | ||
| 245 |
_aমহাভারতীয় উপাক্ষান _cকনাদি নন্দিনী ও তিলকা নন্দিনি। |
||
| 250 | _a১ম সং | ||
| 260 |
_aঢাকা _bনিউ এজ পাবলিকেশন্স। _c2005 |
||
| 300 | _a4616 p. | ||
| 650 | _aBangla | ||
| 650 | _aমহাভারতীয় | ||
| 700 | _aকনাদি নন্দিনী ও তিলকা নন্দিনি। | ||
| 999 |
_c2974 _d2974 |
||